01736agaaa2200289 45000010005000000030009000050050017000140070009000310080040000400400023000800410013001031000048001161300097001642450258002612500022005192600095005413000033006365080051006695200358007205380016010785460013010946500075011077000072011827000060012547000065013147000067013797636IT-RoPAU20220918181256.0d cvaizq50131s9999||||xx ||| | || ||und|| aIT-RoPAUcIT-RoPAU aITALIANO aCarlesi EnricogCodice regista SPICS: 44633 aRAGAZZI IN RITIRO (I) - 2 - IN VIAGGIO CON MAMMA & PAPA'. ALLA SCOPERTA DEL SENSO DELLA VITA aRAGAZZI IN RITIRO (I) - 2 - IN VIAGGIO CON MAMMA & PAPA'. ALLA SCOPERTA DEL SENSO DELLA VITAcDiretto da: Carlesi EnricopRAGAZZI IN RITIRO (I) - 2 - IN VIAGGIO CON MAMMA & PAPA'. ALLA SCOPERTA DEL SENSO DELLA VITA (Rif. Codice opera principale : D7636) aEdizione Standard aMILANO (ITALIA)bAUDIOVISIVI SAN PAOLO / g"1996 (1° ed.: 1996 ; Ed. Lingua Orig.: 1996)" aVHSbsonoro, col.c25 minuti aSoggetto: Didiodato Roberto -- Grassi Riccardo aRACCONTA DI UNA FAMIGLIA: IL PADRE MASSIMO E LA MADRE SILVANA SONO DUE PEDIATRI LE FIGLIE CECILIA E MARIA ADOLESCENTI E UN CUGINO. LA FAMIGLIA ORGANIZZA UNA GITA IN BARCA. IL PROGRAMMA VIENE SCANDITO DALLE RIFLESSIONI DEI PROTAGONISTI. ALCUNE PAROLE CHIAVE AIUTANO A IMPOSTARE UN RITIRO A MISURA DI RAGAZZI PER RIFLETTERE SUL SENSO CRISTIANO DELLA VITA. aPAL, STEREO aITALIANO aEDUCAZIONALEeTV-PROGRAMMI RELIGIOSI [VHS]xCodice MATERIA SPICS: 9963 aAntonioli Francescoe(regista)gCodice secondo regista SPICS: 44634 aCarlesi Enrico e(regista)gCodice regista SPICS: 44633 aDidiodato Roberto e(soggetto)gCodice Soggetto SPICS: 34135 aGrassi Riccardo e(soggetto)gCodice Soggetto 2° SPICS: 37801